"P" Cities in the United States - Statistics

General Stats
  • This quiz has been taken 87 times
  • The average score is 12 of 21
Answer Stats
State Population Answer % Correct
Arizona 1,608,139 Phoenix
99%
Oregon 652,503 Portland
99%
Pennsylvania 1,603,797 Philadelphia
97%
Pennsylvania 302,971 Pittsburgh
89%
Rhode Island 190,934 Providence
77%
Utah 115,162 Provo
75%
Texas 285,494 Plano
68%
Arizona 190,985 Peoria
59%
Illinois 113,150 Peoria
59%
Texas 151,950 Pasadena
57%
California 138,699 Pasadena
57%
Colorado 111,876 Pueblo
51%
Florida 204,851 Port St. Lucie
44%
Nevada 191,238 Paradise
41%
New Jersey 159,732 Paterson
40%
California 169,450 Palmdale
32%
Florida 112,046 Pompano Beach
28%
Florida 171,178 Pembroke Pines
27%
California 151,713 Pomona
27%
Texas 125,828 Pearland
24%
Florida 119,760 Palm Bay
23%
No matching quizzes found
Score Distribution
Percent of People with Each Score
Percentile by Number Answered
Your Score History
You have not taken this quiz